| 000 | 00364nam a2200133Ia 4500 | ||
|---|---|---|---|
| 008 | 220120s9999||||xx |||||||||||||| ||und|| | ||
| 020 | _a9780074634547 | ||
| 082 | _a620.106 POT | ||
| 100 | _aPotter, Merle C and Wiggert, Dvaid C | ||
| 245 | 0 | _aFluid Mechanics | |
| 260 |
_aCengage learning _bNew Delhi _c2011 |
||
| 300 |
_axx;804 _b450 |
||
| 650 | _aCOMPUTER SCIENCE | ||
| 999 |
_c132638 _d132638 |
||